Interaktívna inštruktáž a pomoc pre webové aplikácie

Guardado en:
Detalles Bibliográficos
Autor principal: Kanda, Matúš (Autor)
Otros Autores: Mladoniczky, Milan (Orientador)
Formato: Manuscrito Libro
Lenguaje:eslovaco
Publicado: Bratislava : STU v Bratislave FEI, 2021
Materias:
Acceso en línea:https://opac.crzp.sk/?fn=detailBiblioForm&sid=983A108C82E0ACEA9E5C7B6AE8A0&seo=CRZP-detail-kniha
Etiquetas: Agregar Etiqueta
Sin Etiquetas, Sea el primero en etiquetar este registro!

MARC

LEADER 00000ntm a22000003a 4500
001 stuzp83747
003 SK-STU
005 20220117115237.6
007 ta
008 150427s2015----xo-----f-mn---000-0-slo-d
040 |a STU  |b slo 
041 0 |a slo 
044 |a xo 
100 1 |a Kanda, Matúš  |u 035000  |4 aut  |U FEI Fakulta elektrotechniky a informatiky  |T FEI Ústav informatiky a matematiky  |X 97821  |U E050  |Y 816  |7 97821 
242 0 1 |a Interactive instructions and help for web applications  |y eng 
245 1 0 |a Interaktívna inštruktáž a pomoc pre webové aplikácie 
260 |a Bratislava :  |b STU v Bratislave FEI,  |c 2021 
300 |a 47 s. 
650 4 |a Tutoriál  |2 slo 
650 4 |a TypeScript  |2 slo 
650 4 |a Knižnica  |2 slo 
650 4 |a Library  |2 eng 
650 4 |a Tutorial  |2 eng 
650 4 |a TypeScript  |2 eng 
700 1 |a Mladoniczky, Milan  |u 035000  |k Z3  |4 ths  |U FEI Fakulta elektrotechniky a informatiky  |T FEI Ústav informatiky a matematiky  |X 70127  |U E050  |Y 816  |7 70127 
856 4 |u https://opac.crzp.sk/?fn=detailBiblioForm&sid=983A108C82E0ACEA9E5C7B6AE8A0&seo=CRZP-detail-kniha